LEADER 01102nam 2200373 450 001 9910138262503321 005 20221021140805.0 010 $a953-51-5236-X 035 $a(CKB)3230000000075685 035 $a(NjHacI)993230000000075685 035 $a(EXLCZ)993230000000075685 100 $a20221021d2012 uy 0 101 0 $aeng 135 $aur||||||||||| 181 $ctxt$2rdacontent 182 $cc$2rdamedia 183 $acr$2rdacarrier 200 00$aBiotechnology $emolecular studies and novel applications for improved quality of human life /$fedited by Reda Helmy Sammour 210 1$aRijeka, Croatia :$cInTech,$d[2012] 210 4$dİ2012 215 $a1 online resource (252 pages) $cillustrations 311 $a953-51-0151-X 320 $aIncludes bibliographical references. 517 $aBiotechnology 606 $aBiotechnology 615 0$aBiotechnology. 676 $a660.6 702 $aSammour$b Reda Helmy 801 0$bNjHacI 801 1$bNjHacl 906 $aBOOK 912 $a9910138262503321 996 $aBiotechnology$9135463 997 $aUNINA